000
00244nam a2200121Ia 4500
100
_a
#N/A
650
_a
Computer/ IT
942
_c
BK
654
_a
SQL
245
_a
SQL& PL/SQL FOR ORACLE 10 G BLACK BOOK
260
_b
#N/A
546
_a
ENGLISH
999
_c
23852
_d
23852